Normal view
MARC view
- Gray, Paul R:Hurst, Paul J:Lewis, Stephen H
Entry Personal Name
001 - CONTROL NUMBER
- control field: 64506
003 - CONTROL NUMBER IDENTIFIER
- control field: NUST
005 - DATE AND TIME OF LATEST TRANSACTION
- control field: 20210628203304.0
008 - FIXED-LENGTH DATA ELEMENTS
- fixed length control field: 210628|| aca||aabn | a|a d
040 ## - CATALOGING SOURCE
- Original cataloging agency: NUST
- Transcribing agency: NUST
100 ## - HEADING--PERSONAL NAME
- Personal name: Gray, Paul R:Hurst, Paul J:Lewis, Stephen H
670 ## - SOURCE DATA FOUND
- Source citation: Work cat.: (NUST): Gray, Paul R:Hurst, Paul J:Lewis, Stephen H, Analysisand design of analog integrated circuits, 2002
